zpět

Detail výsledku týmu

R.A.M., Jablonec nad Nisou

Datum a čas kvízu

15 Celkem bodů Celkový počet nahraných bodů na tomto kvízu bez doplňovacích otázek.
17. Pořadí na kvízu Konečné umístění týmu na tomto kvízu.

Zaznamenané odpovědi

# Otázka Odpověď Body Výsledky
1. Agentury STEM/MARK a Median mi... 0
2. "Filosof a revolucionář Karl M... 0
3. V Brně se minulý týden konal p... 0
4. Desítky nových "hackerů" ročně... 0
5. Hokejová extraliga zavádí po v... 0
6. Košile patří k základním typům... 1
7. Dámská obdoba košile se nejčas... 0
8. Paramilitární křídlo italských... 0
9. Ze kterého česko-německého tel... 0
10. Polotriko, zkráceně polo, je j... 0